Alfabetización digital: algo más que ratones y teclas

Guardat en:
Dades bibliogràfiques
Autor principal: Gutiérrez Martín, Alfonso (Autor)
Format: Llibre
Idioma:espanyol
Publicat: Barcelona Gedisa 2003
Edició:1a. ed
Col·lecció:Comunicación Educativa
Matèries:
Etiquetes: Afegir etiqueta
Sense etiquetes, Sigues el primer a etiquetar aquest registre!

MARC

LEADER 00000nam a2200000 a 4500
001 UCL9910
003 CL-VaPUC
008 040903e20030000SP |||||||||||||||||spa|d
020 |a 8474328772 
082 0 4 |a 303.483  |b GUT  |2 21 
100 |a Gutiérrez Martín, Alfonso  |e author  |9 457167 
245 1 0 |a Alfabetización digital: algo más que ratones y teclas 
250 |a 1a. ed 
300 |a 252 p 
942 |c BK 
945 |d 20040903 00:00:00  |a cmena 
260 |a Barcelona  |b Gedisa  |c 2003 
650 0 |a Cambio social   |9 256857 
650 0 |a Tecnología de la información   |9 254825 
650 0 |a Innovaciones pedagógicas  |9 307471 
650 0 |a Sociología de la educación   |9 260380 
650 0 |a Tecnología educacional  |9 307265 
583 |a last modification  |c 20040903 00:00:00  |k Rodrigo Vera 
490 0 |a Comunicación Educativa 
999 |c 310526  |d 310524 
952 |0 0  |1 0  |4 0  |6 303_483000000000000_GUT_2003  |7 0  |8 A  |9 379101  |a BIBCUR  |b BIBCUR  |d 2019-11-21  |i 4051300  |o 303.483 GUT 2003  |p 4051300  |r 2025-04-22  |w 2019-11-21  |y BK  |k PER